| 000 | 00690nam a2200181 i 4500 | ||
|---|---|---|---|
| 001 | 28878 | ||
| 003 | ES-MaACL | ||
| 005 | 20230906153938.0 | ||
| 007 | t| | ||
| 008 | 030120s1949 sp ||||1| spa d | ||
| 100 | 1 |
_aBaguena Corella, Luis. _924649 |
|
| 245 | 1 | 4 |
_aLos taladros de cacaoteros cafetos y otros cultivos en Guinea Española / _cpor Luis Baguena Corella. |
| 260 |
_aMadrid : _bInstituto de Estudios Africanos, _c1949 ( _fAres) |
||
| 300 |
_a126 p., 3 lám. : _bil. ; _c21 cm. |
||
| 500 | _aPrecede al tít.: Consejo Superior de Investigaciones Científicas. | ||
| 710 | 2 |
_aConsejo Superior de Investigaciones Científicas (España) _93236 |
|
| 852 |
_aES-MaACL _jC-5649 _bR.28780 |
||
| 999 |
_c28878 _d28878 |
||